01463nkc a2200265za 450000100060000000300040000600500170001000700070002700800410003404000240007524501130009926000150021230000950022750000940032250002750041650000880069154400760077960000480085561000510090365100180095465500350097271000280100785200120103585601500104784586OSt20260423160653.0kh boc250410s1909 sp ||||| ||||||0| i|spa d cM-RABAaM-RABAbspa aAlegoría del nacimiento del infante heredero del Trono h[Material gráfico]c/ José Rodríguez Díaz c[ca. 1909] a1 fotografíab: gelatina de plata c; imagen 20 x 12 cmc; soporte secundario 30 x 24 cm aEl relieve original fue realizado por José Rodríguez Díaz para el concurso de 1781. aMontada sobre un soporte secundario de cartón, con texto manuscrito a lápiz en la parte inferior al recto: "Alegoría del nacimiento del infante heredero del Trono . concurso de 1781-1ª clase. José Rodríguez Díaz". Nota manuscrita al verso a lápiz: "1781". aFecha probable de la realización de la fotografía realizada por Hauser y Menet. aArchivo de la Real Academia de Bellas Artes de San Fernando (Le-4-29-1)10aRodríguez Díaz, Joséd(ca. 1746-1817)24aReal Academia de Bellas Artes de San Fernando. 7aMadrid2embne 7aFotografías de obras de arte2 aHauser y Menet (Madrid) jFot-611 3Fot-611uhttps://archivoybiblioteca.realacademiabellasartessanfernando.com/cgi-bin/koha/opac-retrieve-file.pl?id=842ec9df3dd52616e836f4e468d569e2